| 000 | 00661nam a22002297a 4500 | ||
|---|---|---|---|
| 003 | UA-OsUOA | ||
| 001 | 27555 | ||
| 007 | ta | ||
| 008 | 20040906b un ||||| |||| 00| 0 ukr d | ||
| 090 |
_a7(091)(477) _bН28 |
||
| 942 | _cBK | ||
| 040 |
_aUA-OsUOA _bukr _cUA-OsUOA _dUA-OsUOA |
||
| 245 |
_aНариси з історії українського мистецтва _cред. В. Г. Заболотний |
||
| 300 |
_a670 с. _bІлюстрації |
||
| 955 | _a2 | ||
| 041 | _aukr | ||
| 080 | _a7(091)(477) | ||
| 260 |
_aК. _bМистецтво _c1966 |
||
| 044 | _aUA | ||
| 650 | 7 |
_a7 Мистецтво. Ігри. Спорт. _2UDC |
|
| 999 |
_c313902 _d313902 |
||